000 00859nam a2200253Ia 4500
003 OSt
005 20220926022321.0
006 a|||||r|||| 00| 0
007 ta
008 220923b |||||||| |||| 00| 0 eng d
020 _a9789211171419
037 _cGeneral Book
040 _aRTL
_cRTL
_beng
041 _2eng
_aeng
082 _aX0gF, Q7/UN
100 _aUNITED NATIONS ECONOMIC COMMISSION FOR EUROPE
110 _aUNITED NATIONS ECONOMIC COMMISSION FOR EUROPE
245 0 _aInnovation in the public sector
_b Country experiences and policy recommendations
260 _aNew York
_bUnited Nations Publication
_c2017
300 _axiv, 169p
_ccm.
700 _aUNITED NATIONS ECONOMIC COMMISSION FOR EUROPE
942 _hX0gF, Q7/UN
_cGB
_2CC
999 _c639172
_d639172